000 00936nam a22002657a 4500
003 0
005 20241122115319.0
008 241122b xxu||||| |||| 00| 0 eng d
020 _a9780323878265
050 _aRT 41
_b.Ig46 2024
100 _aIgnatavicius, Donna D.,
_eauthor.
245 _aMedical-surgical nursing :
_bconcepts for clinical judgment and collaborative care /
_cDonna D. Ignatavicius, Cherie R. Rebar, Nicole M. Heimgartner.
250 _a11th ed.
260 _aSt. Louis, Missouri :
_bElsevier,
_c2024.
300 _axxxi, various pagination :
_bcol. ill. ;
_c29 cm.
504 _aIncludes bibliographical references and index.
650 _aNursing.
650 _aNursing Process.
650 _aPatient-Centered Care.
650 _aPatient-centered health care.
650 _aPerioperative Nursing.
700 _aRebar, Cherie R.,
_eauthor.
700 _aHeimgartner, Nicole M.,
_eauthor.
942 _2lcc
_cBK
999 _c366796
_d366796